[Event "83rd ESP-ch Women-ch 2018"]
[Site "Linares"]
[Date "2018.08.26"]
[Round "7"]
[White "Sosa Suarez, Carla Cristina"]
[Black "Jimenez Bernal, Francisco"]
[Result "1/2-1/2"]
[WhiteElo "2006"]
[BlackElo "2250"]
[Annotator "NA"]
[PlyCount "67"]
[EventDate "2018.08.09"]
[EventType "tourn"]
[EventCountry "ESP"]
[SourceTitle "playchess.com"]
[Source "ChessBase"]
[SourceQuality "1"]
[TimeControl "40/5400+30:1800+30"]

1. e4 {[%emt 0:00:00]} c5 {[%emt 0:00:00]} 2. Nf3 {[%emt 0:00:00]} d6 {[%emt 0:00:00]} 3. d4 {[%emt 0:00:00]} Nf6 {[%emt 0:00:00]} 4. Nc3 {[%emt 0:00:18]} cxd4 {[%emt 0:00:00]} 5. Nxd4 {[%emt 0:00:06]} a6 {[%emt 0:00:02]} 6. Bg5 {[%emt 0:00:20]} e6 {[%emt 0:00:12]} 7. f4 {[%emt 0:00:32]} Nbd7 {[%emt 0:00:30]} 8. Bc4 {[%emt 0:01:00]} Qb6 {[%emt 0:04:05]} 9. Bb3 {[%emt 0:04:18] B96: Sicilian Najdorf: 6 Bg5 e6 7 f4, lines other than 7...Qb6 and 7...Be7} Nc5 {[%emt 0:02:55]} (9... Be7 10. f5 Nc5 11. Be3 Qc7 12. O-O b5 13. a3 Nxb3 14. cxb3 O-O 15. Qf3 {½-½ (61) Jobava,B (2730)-Wojtaszek,R (2717) Poznan 2012}) 10. Bxf6 {[%emt 0:03:38]} Nxb3 $146 {[%emt 0:01:24]} ({Predecessor:} 10... gxf6 11. Qd2 Bd7 12. O-O-O O-O-O 13. Kb1 h5 14. Rhf1 Nxb3 15. Nxb3 Kb8 16. a4 Qb4 {½-½ (37) Caceres,D (2016)-Santiago,Y (2291) Natal 2009}) 11. axb3 {[%emt 0:07:16]} gxf6 {[%emt 0:00:10]} 12. f5 {[%emt 0:10:39]} h5 {[%emt 0:02:32]} 13. Qd3 {[%emt 0:05:51]} Bh6 {[%emt 0:13:43]} 14. Rf1 {[%emt 0:04:55]} Bd7 {[%emt 0:19:31]} 15. Rf3 {[%emt 0:16:36]} O-O-O {[%emt 0:14:22]} 16. Nd1 {[%emt 0:13:48]} e5 {[%emt 0:15:38]} 17. Ne2 {[%emt 0:01:42]} Bc6 {[%emt 0:05:47]} 18. c4 {[%emt 0:01:31]} Rhg8 {[%emt 0:00:58]} 19. Kf1 {[%emt 0:01:32]} Rg7 {[%emt 0:03:21]} 20. Rg3 {[%emt 0:06:00]} Rxg3 {[%emt 0:00:39]} 21. Nxg3 {[%emt 0:03:25] [#]} h4 $2 {[%emt 0:00:29]} (21... d5 $1 $19 {[%mdl 512]} 22. Qf3 (22. exd5 $2 Rxd5 23. cxd5 Bb5 $19) (22. cxd5 Bb5) 22... dxe4 23. Nxe4 Bxe4 24. Qxe4 Qxb3) 22. Ne2 {[%emt 0:01:06]} Qc5 {[%emt 0:09:38]} 23. Nf2 {[%emt 0:02:40]} Rg8 {[%emt 0:00:44]} 24. h3 {[%emt 0:00:26]} Kc7 {[%emt 0:00:19]} 25. Ng4 {[%emt 0:00:48]} Bg5 {[%emt 0:00:02]} 26. Nc3 {[%emt 0:03:21]} Kd7 {[%emt 0:01:47]} 27. Na4 {[%emt 0:02:26]} Qb4 $11 {[%emt 0:02:28]} 28. Qc3 {[%emt 0:00:54]} Qxc3 {[%emt 0:00:42]} 29. Nxc3 {[%emt 0:00:05]} Ke7 {[%emt 0:00:11]} 30. Ke2 {[%emt 0:00:44]} Rc8 {[%emt 0:00:49]} 31. Ra5 {[%emt 0:01:14]} Bc1 {[%emt 0:00:34]} 32. Ra2 {[%emt 0:00:19]} Rc7 {[%emt 0:00:22]} 33. Kd1 {[%emt 0:00:08]} Bg5 {[%emt 0:00:14]} 34. Ra5 {[%emt 0:00:28]} 1/2-1/2

[Event "83rd ESP-ch Women-ch 2018"]
[Site "Linares"]
[Date "2018.08.26"]
[Round "7"]
[White "Blazquez Gomez, Miguel"]
[Black "Sanchez Jerez, Emilio Miguel"]
[Result "0-1"]
[WhiteElo "1998"]
[BlackElo "2246"]
[Annotator "NA"]
[PlyCount "90"]
[EventDate "2018.08.09"]
[EventType "tourn"]
[EventCountry "ESP"]
[SourceTitle "playchess.com"]
[Source "ChessBase"]
[SourceQuality "1"]
[TimeControl "40/5400+30:1800+30"]

1. e4 {[%emt 0:00:00]} c5 {[%emt 0:00:00]} 2. a3 {[%emt 0:00:07]} Nf6 {[%emt 0:00:00] B20: Sicilian: Unusual White 2nd moves} (2... Nc6 3. b4 Nf6 4. b5 Nd4 5. c3 Ne6 6. d3 g6 7. g3 Bg7 8. Bg2 O-O 9. Ne2 a6 10. bxa6 Rxa6 {½-½ (51) Nepomniachtchi,I (2751)-Dubov,D (2701) Moscow 2018}) 3. e5 {[%emt 0:02:08]} Nd5 {[%emt 0:00:00]} 4. Nc3 Nxc3 {[%emt 0:00:00]} 5. dxc3 {[%emt 0:02:06]} d5 {[%emt 0:00:06]} 6. exd6 {[%emt 0:09:17]} exd6 $146 {[%emt 0:00:23]} ({Predecessor:} 6... Qxd6 7. Qe2 e6 8. g3 Bd7 9. Bf4 Qb6 10. O-O-O {1-0 (29) Zelesco,K (2210)-Smith,R (2233) Auckland 2015}) 7. Qf3 {[%emt 0:04:28]} Be7 {[%emt 0:05:15]} 8. Be3 {[%emt 0:13:30]} Nc6 {[%emt 0:06:18]} 9. Bb5 {[%emt 0:10:58]} O-O {[%emt 0:02:58]} 10. Bxc6 {[%emt 0:13:36]} bxc6 {[%emt 0:00:03]} 11. Ne2 {[%emt 0:00:45]} a5 {[%emt 0:11:33]} 12. O-O {[%emt 0:00:26]} Rb8 {[%emt 0:00:29]} 13. b3 {[%emt 0:00:39]} Qd7 {[%emt 0:10:53]} 14. Rfe1 {[%emt 0:06:07]} Qf5 {[%emt 0:05:02]} 15. Qxf5 {[%emt 0:07:47]} Bxf5 {[%emt 0:00:48]} 16. Ng3 {[%emt 0:01:18]} Bxc2 {[%emt 0:01:27]} 17. Rac1 {[%emt 0:04:09]} Bd3 {[%emt 0:13:29]} 18. Bf4 {[%emt 0:06:17] [#]} g5 $1 {[%emt 0:09:25]} 19. Bd2 {[%emt 0:03:10]} Rfe8 {[%emt 0:08:48]} 20. Nh5 {[%emt 0:07:09]} h6 {[%emt 0:03:54]} 21. h4 {[%emt 0:00:38]} Bg6 {[%emt 0:03:54]} 22. g4 {[%emt 0:00:01]} Bxh5 {[%emt 0:01:29]} 23. gxh5 {[%emt 0:00:01]} Kg7 {[%emt 0:02:36]} 24. b4 {[%emt 0:01:35]} c4 {[%emt 0:03:32]} 25. bxa5 {[%emt 0:01:55]} gxh4 {[%emt 0:03:23]} 26. Re4 {[%emt 0:00:25]} ({Better is} 26. Kh1) 26... d5 {[%emt 0:01:04]} 27. Rg4+ {[%emt 0:00:21]} Kh7 {[%emt 0:00:15]} 28. Re1 {[%emt 0:02:04]} Rg8 {[%emt 0:03:31]} 29. f3 {[%emt 0:01:33]} Bxa3 {[%emt 0:00:26]} 30. Kg2 {[%emt 0:00:30]} Rb2 {[%emt 0:01:10]} 31. Re2 {[%emt 0:00:11]} Ra2 {[%emt 0:01:41]} 32. Rxg8 {[%emt 0:00:19]} Kxg8 {[%emt 0:00:02]} 33. Kh3 {[%emt 0:00:00]} Kh7 {[%emt 0:00:50]} 34. Rg2 {[%emt 0:00:39]} Bc5 {[%emt 0:01:28]} 35. Bf4 {[%emt 0:00:15]} Rxa5 {[%emt 0:00:41]} 36. Be5 {[%emt 0:00:01]} Bf8 {[%emt 0:00:10]} 37. Rb2 {[%emt 0:00:17]} Bg7 {[%emt 0:00:27]} 38. f4 {[%emt 0:02:22]} Bxe5 {[%emt 0:00:24]} 39. fxe5 {[%emt 0:00:01]} Ra3 {[%emt 0:00:14]} 40. Rb7 {[%emt 0:00:56]} Rxc3+ {[%emt 0:00:20]} 41. Kxh4 {[%emt 0:30:26]} Kg8 {[%emt 0:30:18]} 42. Kg4 {[%emt 0:00:39]} Re3 {[%emt 0:01:06]} 43. Kf4 {[%emt 0:01:12]} Re4+ {[%emt 0:00:13]} 44. Kf5 {[%emt 0:00:01]} c3 $19 {[%emt 0:00:24]} 45. e6 {[%emt 0:01:28]} Rxe6 {[%emt 0:00:19]} 0-1

[Event "83rd ESP-ch Women-ch 2018"]
[Site "Linares"]
[Date "2018.08.26"]
[Round "7"]
[White "Diaz Rodriguez, Jose Antonio"]
[Black "Sanchez Vigon, David"]
[Result "0-1"]
[WhiteElo "1991"]
[BlackElo "2220"]
[Annotator "TA"]
[PlyCount "140"]
[EventDate "2018.08.09"]
[EventType "tourn"]
[EventCountry "ESP"]
[SourceTitle "playchess.com"]
[Source "ChessBase"]
[SourceQuality "1"]

{[%evp 9,140,-21,-17,-46,-43,-49,-47,-79,-93,-83,-93,-83,-72,-96,-89,-185,-174,-159,-130,-144,-132,-135,-79,-86,-81,-135,-139,-214,-95,-177,-162,-158,-167,-191,-149,-146,-139,-148,-116,-152,-110,-106,-111,-197,-190,-185,-200,-252,-249,-220,-50,-81,0,0,0,0,37,37,37,35,48,48,51,35,36,0,45,45,45,50,64,26,26,0,26,26,26,0,0,0,6,16,26,0,0,0,26,0,34,0,0,0,34,0,0,0,0,0,33,0,26,26,37,0,33,0,33,33,33,0,37,0,10,12,20,0,0,-2,-1,-14,-16,-17,-16,-81,-81,-80,-16,-35,-25,-21,-8,-12838,-12839]} 1. e4 c5 2. Nf3 Nc6 3. c3 d5 4. e5 Bg4 5. Bb5 Qb6 {LiveBook: 8 Games} 6. Bxc6+ {B22: Sicilian: 2 c3} (6. Na3 e6 7. O-O a6 8. Bxc6+ Qxc6 9. Nc2 Ne7 10. h3 Bh5 11. d4 c4 12. Ne3 h6 13. Bd2 {0-1 (48) Apicella,M (2501)-Lagarde,M (2615) Cannes 2018}) 6... Qxc6 7. d3 e6 8. Bf4 $146 {Black is slightly better.} ({Predecessor:} 8. O-O Be7 9. Re1 h5 10. Nbd2 Nh6 11. d4 c4 12. Nf1 h4 13. h3 {½-½ (68) Mueller,J (2118)-Rosmann,I (2242) Hamburg 2007}) 8... Ne7 9. h3 Bh5 10. Nbd2 Qb6 11. O-O Nc6 12. g4 (12. Qc1 $17) 12... Bg6 $19 13. Nb3 Be7 14. Qe2 h6 15. Rad1 O-O (15... Qa6 $142 16. Nc1 h5) 16. Nc1 Rae8 17. Qd2 (17. Bg3 $142) 17... f6 18. Kg2 (18. exf6 $17 {keeps fighting.} Bxf6 19. Bd6) 18... Bh7 (18... c4 $1 $19 {and Black stays clearly on top.} 19. exf6 Bxf6) 19. Ne2 (19. Rde1 $17 {was necessary.}) 19... Rf7 20. exf6 Bxf6 21. g5 hxg5 22. Nxg5 Bxg5 23. Bxg5 c4 24. Nf4 Ne5 {White must now prevent ...cxd3.} 25. d4 Nd3 {And now ...e5 would win.} 26. Nxd3 (26. f3 $17 {was called for.}) 26... Bxd3 27. Rfe1 {[#]} Be4+ $1 28. Kg1 Rf3 29. Re3 {[#]} e5 $2 (29... Ref8 $1 $19 30. Bh4 Rxe3 31. fxe3 Rf3) 30. Rde1 Qe6 (30... Ref8 $17 31. dxe5 Qe6) 31. Rxf3 $11 Bxf3 32. Rxe5 Qg6 (32... Qxh3 {keeps more tension.} 33. Rxe8+ Kf7 34. Re7+ Kg8 35. Re8+) 33. Rxe8+ Qxe8 34. Qe3 Qf7 35. Kh2 Be4 36. Kg3 Qh5 37. f3 Bf5 (37... Bxf3 $5 38. Qe6+ (38. Qxf3 Qxg5+ 39. Kh2 b6 $11) 38... Kh7 $11) 38. h4 Qg6 39. Qe5 Be6 40. Qb8+ Kh7 41. Qe5 Bf7 42. Qf4 Bg8 43. Kg4 Be6+ 44. Kg3 Qb1 {[%cal Rb1g1]} 45. Qc1 Qf5 46. Qf4 Qb1 {[%cal Rb1g1]} 47. Qc1 (47. Qe5 {with more complications.} Qg1+ 48. Kf4 Bf7 49. Qf5+ Bg6 50. Qxd5 Qh2+ 51. Kg4) 47... Qg6 48. Qf4 Bd7 49. Qe3 Qb1 50. Qc1 Qd3 51. Qd2 Qf1 52. Qg2 Qe1+ 53. Qf2 Qe6 (53... Qh1 {looks sharper.} 54. Qc2+ Kh8 55. Qg2 Qe1+ 56. Kh2 Bf5) 54. Qh2 Be8 55. Qd2 Bd7 56. Qh2 Qf5 57. Qg2 b5 58. a3 Qe6 59. Qh2 a5 60. Qg2 b4 61. axb4 axb4 62. Qh2 bxc3 63. bxc3 Qe1+ 64. Qf2 Qxc3 65. h5 Qd3 {Threatens to win with ...Qf5.} 66. Kh4 (66. Qe3 $11 {keeps the balance.}) 66... Qf5 $17 {[%csl Gd7][%cal Rf5h3]} 67. Qg3 Qe6 (67... Qb1 $17 {( -> ...Qh1+)} 68. Bd2 Qh1+ 69. Kg5 Qa1) 68. Bf4 $1 $11 Qf6+ 69. Qg5 Qxd4 70. Qe5 $2 {[%mdl 8192]} (70. h6 $11) 70... Qf2+ {Precision: White = 30%, Black = 45%.} 0-1

[Event "83rd ESP-ch Women-ch 2018"]
[Site "Linares"]
[Date "2018.08.26"]
[Round "7"]
[White "Antunez Munoz, Ines"]
[Black "Castellanos Gomez, Alejandro"]
[Result "0-1"]
[WhiteElo "1956"]
[BlackElo "2320"]
[Annotator "NA"]
[PlyCount "80"]
[EventDate "2018.08.09"]
[EventType "tourn"]
[EventCountry "ESP"]
[SourceTitle "playchess.com"]
[Source "ChessBase"]
[SourceQuality "1"]
[TimeControl "40/5400+30:1800+30"]

1. e4 {[%emt 0:00:14]} e6 {[%emt 0:00:00]} 2. d4 {[%emt 0:00:08]} d5 {[%emt 0:00:00]} 3. Nd2 {[%emt 0:00:12]} Nf6 {[%emt 0:00:02]} 4. e5 {[%emt 0:00:16]} Nfd7 {[%emt 0:00:08]} 5. f4 {[%emt 0:00:21]} c5 {[%emt 0:00:12]} 6. Ngf3 {[%emt 0:00:33]} Nc6 {[%emt 0:00:17]} 7. Nb3 {[%emt 0:00:44] C05: French Tarrasch: 3...Nf6 4 e5 Nfd7, 5 f4 and 5 Bd3 sidelines} Be7 {[%emt 0:02:31]} (7... c4 8. Nbd2 Qa5 9. c3 b5 10. Be2 b4 11. Nb1 Nb6 12. O-O Bd7 13. Kh1 Be7 14. Bd2 Rb8 15. cxb4 Nxb4 {1-0 (37) Mamedov,R (2659)-Wang,H (2729) Dubai 2014}) 8. Be2 {[%emt 0:02:00]} cxd4 {[%emt 0:08:12]} 9. Nbxd4 {[%emt 0:02:24]} Nc5 {[%emt 0:01:21]} 10. O-O {[%emt 0:03:45]} Bd7 {[%emt 0:00:28]} 11. c3 {[%emt 0:01:42]} a6 {[%emt 0:00:59]} 12. Be3 {[%emt 0:02:05]} O-O {[%emt 0:03:51]} 13. Qc2 $146 {[%emt 0:06:49]} ({Predecessor:} 13. a4 Rb8 14. a5 Ne4 15. Nb3 Rc8 16. Bd3 {1-0 (29) Oliva Castaneda,K (2510)-Bru Rullo,L (2239) Sabadell 2017}) 13... Qc7 {[%emt 0:02:51]} 14. Rad1 {[%emt 0:02:58]} Rac8 {[%emt 0:03:13]} 15. Nxc6 {[%emt 0:15:55]} Bxc6 {[%emt 0:06:05]} 16. Kh1 {[%emt 0:05:22]} Ba4 {[%emt 0:04:43]} 17. b3 {[%emt 0:03:51]} Be8 {[%emt 0:00:26]} 18. Nd4 {[%emt 0:10:35]} b5 {[%emt 0:07:24]} 19. Bf3 {[%emt 0:06:12]} Bd7 {[%emt 0:07:26]} 20. Rde1 {[%emt 0:06:47]} g6 {[%emt 0:03:23]} 21. Bf2 {[%emt 0:06:08]} Nb7 {[%emt 0:01:43]} 22. Re3 {[%emt 0:02:12]} Qa5 {[%emt 0:02:28]} 23. f5 {[%emt 0:04:33]} Bg5 $1 {[%emt 0:04:51]} 24. Rd3 {[%emt 0:01:18]} Qc7 {[%emt 0:00:43]} 25. Be3 {[%emt 0:01:53]} Bxe3 {[%emt 0:01:43]} 26. Rxe3 {[%emt 0:00:05]} gxf5 {[%emt 0:02:02]} 27. Bxd5 {[%emt 0:12:23]} Kh8 {[%emt 0:00:11]} 28. Bf3 {[%emt 0:01:33]} Rg8 {[%emt 0:00:06]} 29. Qf2 {[%emt 0:00:34]} Nc5 {[%emt 0:02:06]} 30. Qh4 {[%emt 0:00:35]} Qd8 {[%emt 0:01:37]} 31. Qh5 {[%emt 0:00:30]} Be8 {[%emt 0:01:17]} 32. Bd1 {[%emt 0:00:48]} Ne4 {[%emt 0:00:43]} 33. Bc2 {[%emt 0:00:28]} Rxc3 {[%emt 0:01:48]} 34. Rxc3 {[%emt 0:00:29]} Nxc3 {[%emt 0:00:05]} 35. Nf3 {[%emt 0:00:32]} Rg7 {[%emt 0:02:47]} 36. Nh4 {[%emt 0:00:32]} Bc6 {[%emt 0:00:28]} 37. Rf2 {[%emt 0:00:33]} Qd4 {[%emt 0:00:27]} 38. Rf1 {[%emt 0:00:27]} Qd2 {[%emt 0:01:10]} 39. Bb1 {[%emt 0:00:33]} Bxg2+ {[%emt 0:00:22]} 40. Kg1 {[%emt 0:00:06]} Bf3+ {[%emt 0:00:45]} 0-1

[Event "83rd ESP-ch Women-ch 2018"]
[Site "Linares"]
[Date "2018.08.26"]
[Round "7"]
[White "Alvarez Morales, Miguel"]
[Black "Garcia Vicente, Nieves"]
[Result "1/2-1/2"]
[WhiteElo "1955"]
[BlackElo "2181"]
[Annotator "TA"]
[PlyCount "160"]
[EventDate "2018.08.09"]
[EventType "tourn"]
[EventCountry "ESP"]
[SourceTitle "playchess.com"]
[Source "ChessBase"]
[SourceQuality "1"]

{[%evp 23,160,3,19,0,18,0,0,0,7,0,-5,-16,7,0,0,0,13,-14,-11,-12,-13,-13,-25,-14,-5,-25,-17,-39,-33,-77,-77,-64,-34,-68,-70,-191,-189,-180,-166,-163,-181,-186,-132,-138,-116,-119,-114,-115,-114,-126,-114,-125,-125,-185,-179,-187,0,-136,-136,-136,-149,-151,-150,-268,-131,-178,-148,-159,-157,-183,-181,-166,-108,-260,-243,-310,-310,-389,-313,-511,-588,-579,-571,-571,-566,-684,-693,-641,-656,-992,-247,-270,-243,-261,0,-253,-100,-84,0,-229,-197,-177,0,-227,0,-121,0,0,0,0,0,0,0,0,0,0,0,-12,0,-6,-6,-549,0,-500,-558,-984,-941,-433,0,-239,0,-385,0,-931,-901,-495,0,-188,0]} 1. c4 e6 2. Nc3 d5 3. e3 Nf6 4. Nf3 a6 5. b3 c5 6. cxd5 exd5 7. d4 Nc6 8. Be2 Bd6 9. dxc5 Bxc5 10. O-O O-O 11. Bb2 Re8 12. Rc1 {D32: Tarrasch Defence: Sidelines and lines without g3} (12. Qc2 Nb4 13. Qd2 Ne4 14. Nxe4 dxe4 15. Qc3 Bf8 16. Rfd1 Qb6 17. Ne5 Be6 18. Nc4 Qc7 19. a3 Nd5 {½-½ (57) Kramnik,V (2803)-Pelletier,Y (2574) Geneve 2013}) 12... Bd6 {LiveBook: 5 Games} 13. Kh1 $146 ({Predecessor:} 13. Rc2 Be6 14. Rd2 Qe7 15. Qa1 Rad8 16. Rfd1 b5 17. Nd4 Nxd4 18. Rxd4 Be5 19. R4d3 Qc7 {0-1 (32) Gonda,L (2448)-Palkovi,J (2409) Hungary 2006}) 13... Be6 14. Ng5 {The position is equal.} Qe7 15. Nxe6 fxe6 (15... Qxe6 {with more complications.} 16. Bf3 Be5 17. Ba3 Rad8 18. Na4 Bd6) 16. Bf3 Rad8 17. Ne2 Ne5 18. Ng3 Nxf3 19. Qxf3 Rf8 20. Bxf6 Rxf6 21. Qg4 Rg6 22. Qh5 Rh6 23. Qg4 Rh4 24. Qe2 Qg5 25. Kg1 Rh6 $36 {[%mdl 2048] Black is pushing.} 26. Qe1 Qh4 {[%csl Gh6][%cal Rh4h2]} 27. h3 Rg6 28. e4 Bf4 29. exd5 ({White should try} 29. Rc3 $15) 29... Bxc1 $19 ({Worse is} 29... Bxg3 30. fxg3 Qd4+ 31. Kh2 $16) (29... exd5 30. Rc3 $11) 30. Qxc1 exd5 31. Qc7 {aiming for Nf5.} Rf8 32. Qxb7 Qd4 ({Black should play} 32... Qg5 $19 33. Qc7 Qf6) 33. Qc7 Rgf6 {[%cal Rf6f2]} 34. Qc2 g6 35. Qe2 Qc5 36. Qd2 Rf4 37. Qe2 a5 38. Qe6+ (38. Nh1 $17) 38... Kg7 {[%cal Rf4f2]} 39. Qe5+ Kg8 (39... R8f6 $1 $19 {[%cal Rf4f2]} 40. Qe1 a4) 40. Qe6+ $17 R8f7 {[%cal Rf4f2]} 41. Qe8+ Kg7 $1 {[%cal Rf4f2]} 42. Qe5+ R7f6 {[%cal Rf4f2]} 43. Kh2 (43. Qe1 $17 {might work better.}) 43... Qd6 (43... Qd4 $1 $19 {[%cal Rd4e5] and Black stays clearly on top.} 44. Qc7+ Rf7 45. Qxa5 Rxf2 46. Rxf2 Rxf2) 44. Qe1 h5 45. Kg1 Qc5 46. Ne2 Re4 47. Qd2 Qb4 (47... Rf7 $19 48. Nc3 Ref4) 48. Qd3 $2 (48. Rd1 $17) 48... Rfe6 $1 $19 49. Ng3 Rd4 50. Qb1 Rd2 51. Re1 $2 {[#]} (51. Qc1 {was necessary.}) 51... Qd4 $1 {[%mdl 512]} 52. Rf1 h4 53. Nh1 Ree2 54. Qc1 Rc2 55. Qg5 Rxa2 {Threatens to win with ...Ra1.} 56. Qd8 Qe4 $2 (56... Ra1 {( -> ...Rxf1+)} 57. Qc7+ Kh6 58. Rxa1 Qxa1+ 59. Kh2 Qe5+ 60. Qxe5 Rxe5) 57. Qd7+ Kh6 58. Qd8 Kg7 59. Qd7+ $1 Kf8 $2 (59... Qe7 $19 60. Qxd5 Qf6) 60. Qd8+ $17 Kf7 {[#]} (60... Qe8 $1 $17 {[%cal Re8d8]} 61. Qxh4 Kg8) 61. Qd7+ $2 (61. Ng3 $1 $11 {[%mdl 512] and White has nothing to worry.} hxg3 62. fxg3+ Ke6 63. Qb6+ Ke7 64. Qc7+ Ke8 65. Qc8+ Ke7 66. Qc5+ Ke6 67. Qc6+ Ke7 68. Qc5+ Ke6 69. Qc6+ Ke7 70. Qc7+ Ke8 71. Qc8+ Ke7 72. Qc7+) 61... Kf6 {White must now prevent ...Re1.} 62. Qd6+ Kf7 63. Qd7+ Kf6 (63... Kg8 $19 {Hoping for ...Re1.} 64. Qd8+ Kg7) 64. Qd6+ $1 Kf5 {[#]} ({Better is} 64... Qe6 $1 $17 {[%cal Re6d6]} 65. Qf8+ Ke5) 65. Ng3+ $1 $11 {[%mdl 512]} hxg3 66. fxg3+ Rf2 {[%csl Ga2,Gf2][%cal Re4g2]} 67. g4+ Kg5 {[%csl Ga2,Gf2][%cal Re4g2]} 68. Qd8+ Kf4 {[%csl Ga2,Gf2][%cal Re4g2]} 69. Qf6+ Ke3 {[%csl Ga2,Gf2][%cal Re4g2]} 70. Rxf2 Rxf2 71. Qxf2+ {[%mdl 4096] Endgame KQ-KQ} Kd3 72. Qa2 $2 {[%mdl 8192]} (72. Qf1+ $11 Kc2 73. Qf2+ Kxb3 74. Qb6+ Qb4 75. Qxg6) 72... Qe1+ $1 $19 73. Kh2 {[#]} d4 $1 74. Qa4 Qe5+ 75. Kg1 Qe1+ (75... Qe3+ $142 76. Kf1 Qe2+ 77. Kg1 Qe1+ 78. Kh2 Qb4) 76. Kh2 Qe5+ (76... Qe4 $142 77. g5 (77. Qxa5 Qf4+ 78. Kh1 Ke2 $17) 77... Qf4+ 78. Kh1 Ke2 79. Qc4+ Ke1 80. Qe6+ Kf2) 77. Kg1 Kd2 $2 (77... Qe3+ $19 78. Kf1 Qc1+ 79. Kf2 Qc3) 78. b4 $2 {[%mdl 8192]} (78. Qa2+ $11 Kc3 79. Qa1+ Kxb3 80. Qb1+ Ka4 81. Qc2+ Kb5 82. Qb1+ Kc5 83. Qc2+ Kd5 84. Qb3+ Kc6 85. Qc2+ Kb5 86. Qd3+ Kc5 87. Qc2+ Kd5 88. Qb3+ Kc5 89. Qc2+) 78... Qe3+ 79. Kh2 Qe5+ $2 (79... axb4 80. Qxb4+ Qc3) 80. Kg1 {[#]} Qe1+ $2 {Precision: White = 47%, Black = 54%.} (80... d3 $1 $19 81. bxa5 Ke1 82. Qb4+ (82. a6 $2 d2 $19) 82... d2) 1/2-1/2

[Event "83rd ESP-ch Women-ch 2018"]
[Site "Linares"]
[Date "2018.08.26"]
[Round "7"]
[White "Serrano Garcia, Luis"]
[Black "Esquivias Quintero, Luis Manuel"]
[Result "0-1"]
[WhiteElo "1915"]
[BlackElo "2260"]
[Annotator "NA"]
[PlyCount "58"]
[EventDate "2018.08.09"]
[EventType "tourn"]
[EventCountry "ESP"]
[SourceTitle "playchess.com"]
[Source "ChessBase"]
[SourceQuality "1"]
[TimeControl "40/5400+30:1800+30"]

1. e4 {[%emt 0:00:00]} c5 {[%emt 0:00:00]} 2. Nc3 {[%emt 0:00:00]} Nc6 {[%emt 0:00:00]} 3. Bb5 {[%emt 0:00:00]} Nd4 {[%emt 0:00:00]} 4. Bc4 {[%emt 0:00:15]} a6 {[%emt 0:00:00] B23: Closed Sicilian: Lines without g3} (4... e6 5. Nge2 Ne7 6. Nxd4 cxd4 7. Ne2 Nc6 8. O-O a6 9. d3 d5 10. exd5 exd5 11. Bb3 Bd6 12. Nf4 Bxf4 13. Bxf4 O-O 14. Qf3 Be6 15. Rfe1 {1-0 (58) Cornette,M (2611)-Lenic,L (2662) chess.com INT 2018}) 5. a4 {[%emt 0:00:53]} g6 {[%emt 0:00:00]} 6. Nf3 {[%emt 0:00:42]} Bg7 {[%emt 0:00:32]} 7. O-O {[%emt 0:00:15]} e6 {[%emt 0:01:02]} 8. d3 {[%emt 0:00:33]} Ne7 {[%emt 0:00:50]} 9. Nxd4 {[%emt 0:02:10]} cxd4 {[%emt 0:00:12]} 10. Ne2 {[%emt 0:00:36]} d5 {[%emt 0:02:44]} 11. exd5 {[%emt 0:00:32]} Nxd5 {[%emt 0:00:33]} 12. Nf4 {[%emt 0:03:08]} Ne7 {[%emt 0:09:40]} 13. Bd2 $146 {[%emt 0:11:13]} ({Predecessor:} 13. Qf3) 13... O-O {[%emt 0:02:10]} 14. Qf3 {[%emt 0:02:13]} Rb8 {[%emt 0:10:17]} 15. h4 {[%emt 0:07:12]} Bd7 {[%emt 0:10:49]} 16. h5 {[%emt 0:20:00]} Bc6 {[%emt 0:02:33]} 17. Qh3 {[%emt 0:02:27]} Qd6 {[%emt 0:11:42]} 18. Rfe1 {[%emt 0:17:15]} e5 {[%emt 0:01:28]} 19. hxg6 {[%emt 0:03:57]} hxg6 {[%emt 0:00:53]} 20. Ne2 {[%emt 0:01:00]} Bd7 {[%emt 0:07:36]} 21. Qh2 {[%emt 0:01:10]} b5 {[%emt 0:06:43]} 22. axb5 {[%emt 0:03:05]} Bxb5 {[%emt 0:00:21]} 23. Bb3 {[%emt 0:00:41]} (23. Ng3 $1 $14 {behält die Oberhand.} Bxc4 24. Ne4) 23... Bxd3 $1 {[%emt 0:02:14]} 24. Bxf7+ {[%emt 0:00:45]} Rxf7 {[%emt 0:02:53]} 25. cxd3 {[%emt 0:00:19]} Rxb2 {[%emt 0:00:09]} 26. Bc1 {[%emt 0:01:46]} Rc2 {[%emt 0:02:19]} 27. Ba3 {[%emt 0:01:45]} Qf6 $17 {[%emt 0:00:17]} 28. Qg3 {[%emt 0:00:50]} Nf5 {[%emt 0:03:33]} 29. Qf3 {[%emt 0:00:25]} Bh6 {[%emt 0:01:13]} 0-1